LEADER 01020nam2-2200361---450 001 990001001380203316 005 20230111093058.0 035 $a0100138 035 $aUSA010100138 035 $a(ALEPH)000100138USA01 035 $a0100138 100 $a20020227d1981----km-y0ITAy01------ba 101 $aita 102 $aIT 105 $a|||| ||||| 200 1 $a5 210 $aFirenze$cSansoni$d1981 215 $a660 p.$d21 cm 225 2 $aSuperbiblioteca Sansoni 300 $aRistampa dell'ed Firenze : Sansoni, 1906 410 1$12001$aSuperbiblioteca Sansoni 461 $10010100131$12001$a<> opere di Giorgio Vasari con nuove annotazioni e commenti di Gaetano Milanesi 610 0 $aArtisti 676 $a709.22 700 1$aVASARI,$bGiorgio <1511-1574>$037469 702 1$aMILANESI,$bGaetano 801 $aIT$bsalbc$gISBD 912 $a990001001380203316 951 $aXII.2.B. 164/5(VII A 166 5)$b115178 L.M.$cVII A 959 $aBK 969 $aUMA 996 $a5$9975298 997 $aUNISA LEADER 01699nam 2200589 450 001 9910137427303321 005 20230808212927.0 010 $a1-5231-2386-9 010 $a1-118-76642-3 010 $a1-118-76628-8 035 $a(CKB)3710000000538849 035 $a(EBL)4205797 035 $a(SSID)ssj0001594442 035 $a(PQKBManifestationID)16290666 035 $a(PQKBTitleCode)TC0001594442 035 $a(PQKBWorkID)14881505 035 $a(PQKB)11400247 035 $a(PQKBManifestationID)16294646 035 $a(PQKB)23406525 035 $a(MiAaPQ)EBC4205797 035 $a(DLC) 2015044241 035 $a(Au-PeEL)EBL4205797 035 $a(CaPaEBR)ebr11148379 035 $a(CaONFJC)MIL881803 035 $a(OCoLC)933265571 035 $a(EXLCZ)993710000000538849 100 $a20160205h20162016 uy 0 101 0 $aeng 135 $aur|n|---||||| 181 $ctxt 182 $cc 183 $acr 200 10$aWelding engineering $ean introduction /$fDavid H. Phillips 210 1$aWest Sussex, England :$cWiley,$d2016. 210 4$dİ2016 215 $a1 online resource (292 p.) 300 $aDescription based upon print version of record. 311 $a1-119-19140-8 311 $a1-118-76644-X 320 $aIncludes bibliographical references at the end of each chapters and index. 606 $aWelding 615 0$aWelding. 676 $a671.5/2 686 $aTEC006000$2bisacsh 700 $aPhillips$b David H$c(Welding instructor),$0272908 801 0$bMiAaPQ 801 1$bMiAaPQ 801 2$bMiAaPQ 906 $aBOOK 912 $a9910137427303321 996 $aWelding engineering$92044003 997 $aUNINA